Carregando...
Essentials of English language
| Autor principal: | |
|---|---|
| Formato: | Printed Book |
| Idioma: | English |
| Publicado em: |
New Delhi:
Swasthik,
2013.
|
| Assuntos: |
| LEADER | 00539 a2200157 4500 | ||
|---|---|---|---|
| 008 | 150320b xxu||||| |||| 00| 0 eng d | ||
| 020 | |a 9789381991619 | ||
| 082 | |a 420.7 | ||
| 100 | |a Sharma, G.R. | ||
| 245 | |a Essentials of English language |c G.R.Sharma | ||
| 260 | |c 2013. |b Swasthik, |a New Delhi: | ||
| 300 | |a 238p. |c 22cm. | ||
| 650 | |a English teaching | ||
| 942 | |2 ddc |c BK | ||
| 999 | |c 104664 |d 104664 | ||
| 952 | |0 0 |1 0 |4 0 |6 420_700000000000000_SHA_E |7 0 |9 106684 |a UL |b UL |c ST1 |d 2014-02-19 |e 2 |g 532.50 |l 1 |o 420.7 SHA/E |p 91952 |r 2015-04-29 |s 2015-04-18 |v 750.00 |y BK | ||